| 000 | 00630cam a2200145 4500500 | ||
|---|---|---|---|
| 005 | 20251012005114.0 | ||
| 041 | _afre | ||
| 042 | _adc | ||
| 100 | 1 | 0 |
_aRivet de Sabatier, Philippe _eauthor |
| 245 | 0 | 0 | _aRomain Simenel, Mémoriser le Coran, vivre l’islam. L’apprentissage coranique au Maroc et dans le monde musulman. Prefacio de Ali Benmakhlouf. Presses universitaires de France, 2025, 288 páginas, 21 euros. |
| 260 | _c2025. | ||
| 500 | _a67 | ||
| 786 | 0 | _nÉtudes | Juillet-Août | 7-8 | 2025-07-01 | p. 141-141 | |
| 856 | 4 | 1 | _uhttps://shs.cairn.info/revista-etudes-2025-7-8-page-141?lang=es&redirect-ssocas=7080 |
| 999 |
_c1516657 _d1516657 |
||